000 00283nam a22001097a 4500
008 230704b xxu||||| |||| 00| 0 eng d
082 _a341.08
_bTOY 1958
245 _aThe Initial Triumph of the Axis
260 _bOxford University Press
_c1958
300 _aXVII,742p
942 _2ddc
_cBK
999 _c3726
_d3726